Shenzhen Metro Stations - Statistics

General Stats
  • This quiz has been taken 124 times
  • The average score is 119 of 319
Answer Stats
Answers % Correct
Luohu
87%
Airport
78%
Futian
75%
Bao'an
73%
Laojie
72%
Gangxia
70%
Chegongmiao
68%
Shenzhen North
68%
Airport East
67%
Airport North
67%
Futian Checkpoint
63%
Guomao
63%
Huaqiang North
63%
Gangxia North
62%
Science Museum
62%
Shopping Park
62%
Guangming
60%
Huaqiang Road
60%
Nanshan
60%
Pingshan
58%
Universiade
58%
Xili
58%
Bao'an Center
57%
Dameisha
57%
Futian Bonded Area
57%
Longhua
57%
Xiaomeisha
57%
Grand Theater
55%
Houhai
55%
Qianhaiwan
55%
Shenzhen University
55%
Convention and Exhibition Center
53%
Window of the World
53%
Civic Center
52%
Hongshuwan
52%
Huangbeiling
52%
Liantang
52%
Xiangmi
52%
Buji
50%
Children's Palace
50%
Chiwan
50%
Niuhu
50%
Guanlan
48%
Hongshan
48%
Shatoujiao
48%
Songgang
48%
Xili Lake
48%
Haishan
47%
Hongshuwan South
47%
Huaqiang South
47%
Qianwan
47%
Shuanglong
47%
Fanshen
45%
Hongling
45%
Liantang Checkpoint
45%
Mawan
45%
Taoyuan
45%
Xiangmihu
45%
Yantian Road
45%
Yitian
45%
Antuo Hill
43%
Bitou
43%
Fumin
43%
Fuyong
43%
Huawei
43%
Qinghu
43%
Shatian
43%
Shenzhen Bay Checkpoint
43%
Shenzhen World
43%
Shiyaling
43%
Shuangyong Street
43%
Wuhe
43%
Zuopaotai East
43%
Bihaiwan
42%
Changlingpi
42%
Gushu
42%
Jingtian
42%
Liuyue
42%
Liwan
42%
Ma'an Hill
42%
Mission Hills
42%
Nanyou
42%
Pingshanwei
42%
Shajing
42%
Shangmeilin
42%
Shangsha
42%
Shenzhen Bay Park
42%
Shenzhen World North
42%
Sun Yat-sen University
42%
Tai'an
42%
Tanglang
42%
Wenjin
42%
Caopu
40%
Dafen
40%
Hi-Tech Park
40%
Honghu
40%
Huangmugang
40%
Huaxin
40%
Lingzhi
40%
Liuyue North
40%
Longcheng Square
40%
Minzhi
40%
Shangshuijing
40%
Shenzhen World South
40%
Shixia
40%
SIAT
40%
Talent Park
40%
Tongxinling
40%
Xiasha
40%
Xiashuijing
40%
Zhenmei
40%
Bagualing
38%
Bantian
38%
Haiyue
38%
Hourui
38%
Hubei
38%
Luohu North
38%
Overseas Chinese Town
38%
Peking University
38%
Pinghu
38%
Qinghu North
38%
Railway Park
38%
Shaibu
38%
Shekou Port
38%
Shuibei
38%
Silian
38%
Tangkeng
38%
Tianbei
38%
Tianxin
38%
Universiade Center
38%
University Town
38%
Xiameilin
38%
Baigelong
37%
Baishilong
37%
Cuizhu
37%
Donggualing
37%
Hongling North
37%
Houting
37%
Huanggang Checkpoint
37%
Kengzi
37%
Lianhuacun
37%
Liyumen
37%
Mumianwan
37%
Pingshan Center
37%
Pingzhou
37%
Qiaotou
37%
Renmin South
37%
Sea World
37%
Shenyun
37%
Sungang
37%
Taiziwan
37%
Xinxiu
37%
Xixiang
37%
Yangmei
37%
Ailian
35%
Aobei
35%
Baolong
35%
Buxin
35%
Chaguang
35%
Danzhutou
35%
Gongming Square
35%
Hi-Tech Central
35%
Hi-Tech North
35%
Huanggangcun
35%
Keyuan
35%
Lianhua North
35%
Linhai
35%
Liuxiandong
35%
Longsheng
35%
Nanshan Book Mall
35%
Nantou Ancient City
35%
Science Park
35%
Shangwu
35%
Shenzhen University South
35%
Wanxia
35%
Wutong Mountain South
35%
Xiangmei
35%
Zhangbei
35%
Zhuzilin
35%
Baishizhou
33%
Bao'an Stadium
33%
Baohua
33%
Bei'er Road
33%
Hanling
33%
Hi-Tech South
33%
Lianhua West
33%
Maling
33%
Meilinguan
33%
Minle
33%
Nanlian
33%
Nonglin
33%
Shangfen
33%
Shutianpu
33%
Songyuanxia
33%
Sports Center
33%
Taoyuancun
33%
Technology University
33%
Waterlands Resort East
33%
Xiangmei North
33%
Xianhu Road
33%
Xikeng
33%
Xili High Speed Railway Station
33%
Xuexiang
33%
Yannan
33%
Yantianxu
33%
Yijing
33%
Yuanling
33%
Yuehaimen
33%
Zhuguang
33%
Baiwang · HKU
32%
Changlong
32%
Chiwei
32%
Daxin
32%
Dengliang
32%
Dongjiaotou
32%
Guiwan
32%
He'ao
32%
Hong'anwei
32%
Honglang North
32%
Huaguoshan
32%
Huanancheng
32%
Ludancun
32%
Meicun
32%
Menghai
32%
Nigang
32%
Qianwan Park
32%
Qiaocheng East
32%
Qiaocheng North
32%
Shangtang
32%
Shenwai Senior Campus
32%
Shenwan
32%
Sihai
32%
Songgang Park
32%
Xin'an
32%
Xitou
32%
Yangtai Mountain East
32%
Yihai
32%
Yinhu
32%
Yuanfen
32%
Zhucun
32%
Convention & Exhibition City
30%
Dongjiang Column Memorial Hall
30%
Fenghuang Town
30%
Guangming Street
30%
Guangyayuan
30%
Hehua
30%
Hongling South
30%
Huanggekeng
30%
Jinlong
30%
Jixiang
30%
Litchi Orchards
30%
Luozu
30%
Mugu
30%
Nanyue
30%
Pingshan Square
30%
Shanglilang
30%
Shiyan
30%
Tangwei
30%
Waterlands Resort South
30%
Xiangxicun
30%
Xixiang Taoyuan
30%
Yantian Port West
30%
Yonghu
30%
Bantian North
28%
Baotian 1st Road
28%
Fuhai West
28%
Gankeng
28%
Guantian
28%
Henggang
28%
Heshuikou
28%
Honghuashan
28%
Liangmao Hill
28%
Liuhe
28%
Loucun
28%
Shuiwan
28%
Yabao
28%
Baolong Tongle
27%
Changhu
27%
Changzhen
27%
Fuwei
27%
Huilongpu
27%
Longjing
27%
Meijing
27%
Qiaotou West
27%
Yanzihu
27%
Yingrenshi
27%
Bao'an Passenger Transport Terminal
25%
Gangtou
25%
Huaide
25%
Nanyou West
25%
Zhongwu South
25%
Huangtian
23%
Longcheng Park
23%
Shijing
23%
Xingdong
23%
Yuyuan
23%
Nanguang
22%
Qiaoxiang
22%
Shawei
22%
Shengping
22%
Shenkang
22%
Tongle South
22%
Xinhe
22%
Zhongshan Park
22%
Fulin
20%
Longyuan
20%
Nankeng
20%
Shigu
20%
Xin'an Park
20%
Longdong
18%
Shabo
18%
Shangchuan
18%
Xingwei
18%
Liutang
17%
Shangjing
17%
Xuefu Hospital
17%
Pingluan Hill
15%
Pinghuan
13%
Xintangwei
13%
No matching quizzes found
Score Distribution
Percent of People with Each Score
Percentile by Number Answered
Your Score History
You have not taken this quiz